00772nam a2200181 a 450000100100000000500170001000800410002704000250006810000260009324501040011926001080022330000200033150000200035171000880037104900090045995201050046899900170057300002911720200930055337.0110413s1967 dr 000 0 spa d aDO-SdBNPbspacBNPHU1 aSmith, Leon R.95601910aGuía para el uso de productos químicos en el control de enfermedades foliares /cLeon R. Smith. aSantiago de los Caballeros, República Dominicana :bDivición de Investigaciones Agrícolas,c1967. a14 p. ;c28 cm. aBoletín no. 62 aInstituto Superior de AgriculturabDivición de Investigaciones Agrícolas956021 aBNPD 0010718PDaPDbPDcCTd2011-04-13iLF1l0o p29117-10r2020-06-25w2020-06-25yLFPDZNo se presta c28609d28609